Euglenofitas pigmentadas de la Amazonía colombiana (Registro nro. 14112)

Detalles MARC
000 -CABECERA
Campo de control 003620000a22001090004500
090 ## - CLASIFICACIÓN LOCAL
Colección AS
Consecutivo Seriadas
041 0# - IDIOMA
Código de idioma para texto/pista de sonido o título separado
100 1# - ASIENTO PRINCIPAL--NOMBRE PERSONAL
Nombre personal Duque, Santiago R.
245 10 - MENCION DE TITULO
Título Euglenofitas pigmentadas de la Amazonía colombiana
773 1# - Item fuente:
Título Revista de la Academia Colombiana de Ciencias Exactas, Fisicas y Naturales
Especificación de materiales 32
Descripción física 75
Paginas del Articulo 651-659
Lugar, editorial y fecha de publicación 1995
Información sobre la relación 19
942 ## - ELEMENTOS ADICIONALES (KOHA)
Tipo de ítem Artículo

No hay ítems disponibles.